000 00598nam a22001817a 4500
999 _c194514
_d194514
005 20221227130402.0
010 _aENG-135950
020 _a9789390961382
_c395.00
035 _aEN-1194581
037 _bDBAD/PUB
082 _aS
100 _aAdhicary, Subir
245 _aFew torn pages from India's freedom struggle/
_cby Subir Adhicary
260 _aNew Delhi
_bVitasta Publishing Pvt Ltd
_c2023
270 _a2/15, Ansari Road, Daryaganj
_bNew Delhi
_e110002
_minfo@vitastapublishing.com
300 _axi, 145p.
_bEpilogue, Picture Gallery, References
_c20cm(pbk)
942 _2ddc
_cEN
_mADH
_hS